[Event "ECC, Panormo GRE"]
[Site "?"]
[Date "2001.??.??"]
[Round "1"]
[White "Rustemov, A."]
[Black "Banas, J."]
[Result "1/2-1/2"]
[WhiteElo "2605"]
[BlackElo "2360"]
[PlyCount "69"]
[EventDate "2001.??.??"]
[Source "www.chesslib.no"]
[SourceDate "2004.05.04"]

1. Nf3 Nf6 2. c4 g6 3. Nc3 Bg7 4. e4 O-O 5. d4 d6 6. Be2 c5 7. d5 e6 8. O-O exd5 9. cxd5 a6 10. a4 Bg4 11. Bf4 Qc7 12. Nd2 Bxe2 13. Qxe2 Nh5 14. Be3 Nd7 15. g4 Nhf6 16. Nc4 Nb6 17. Nd2 Rfe8 18. Kh1 Qe7 19. Rg1 Rab8 20. Rae1 Nfd7 21. a5 Na8 22. f4 Nc7 23. e5 b5 24. Nde4 b4 25. exd6 Qd8 26. dxc7 Qxc7 27. Qxa6 bxc3 28. Nd6 Rxe3 29. Rxe3 Bd4 30. Rxc3 Rxb2 31. Rcc1 Bxg1 32. Rxg1 Nb6 33. Rg2 Rb1+ 34. Rg1 Rb2 35. Rg2 1/2-1/2

[Event "DSV-Turnier"]
[Site "Berlin-Ost"]
[Date "1979.??.??"]
[Round "3"]
[White "Malich, Burkhard"]
[Black "Suba, Mihai"]
[Result "1/2-1/2"]
[WhiteElo "2530"]
[BlackElo "2435"]
[PlyCount "34"]
[EventDate "1979.??.??"]
[Source "www.chesslib.no"]
[SourceDate "2004.05.04"]

1. d4 Nf6 2. c4 e6 3. Nf3 c5 4. d5 exd5 5. cxd5 g6 6. Nc3 d6 7. Bf4 a6 8. a4 Bg7 9. e4 Bg4 10. Be2 O-O 11. O-O Re8 12. Nd2 Bxe2 13. Qxe2 Nh5 14. Be3 Nd7 15. a5 Qh4 16. Nf3 Qe7 17. Ra4 Ne5 1/2-1/2

[Event "II open"]
[Site "Solsones"]
[Date "2004.08.15"]
[Round "4"]
[White "Kononenko, Tatiana"]
[Black "Delchev, Aleksander"]
[Result "1/2-1/2"]
[WhiteElo "2361"]
[BlackElo "2603"]
[PlyCount "100"]
[EventDate "2004.08.13"]
[Source "Roberto Alvarez"]
[SourceDate "2004.08.30"]

1. d4 Nf6 2. c4 e6 3. Nf3 c5 4. d5 d6 5. Nc3 exd5 6. cxd5 g6 7. Bf4 a6 8. a4 Bg7 9. e4 Bg4 10. Be2 Bxf3 11. Bxf3 O-O 12. O-O Qe7 13. Re1 Nbd7 14. a5 Rfe8 15. Qc2 h5 16. h3 Nh7 17. Qd2 Bd4 18. Be3 Be5 19. Bd1 b5 20. axb6 Nxb6 21. Bb3 Qf6 22. f3 g5 23. Rf1 Reb8 24. f4 gxf4 25. Bxf4 Nd7 26. Bxe5 Qxe5 27. Ba4 Ndf6 28. Bc6 Ra7 29. Rae1 Qd4+ 30. Qxd4 cxd4 31. Ne2 d3 32. Ng3 Re7 33. Nf5 Rxe4 34. Nxd6 Rxe1 35. Rxe1 Rxb2 36. Rd1 Rb3 37. Nc4 Ng5 38. Ne5 Nge4 39. Nxd3 Ra3 40. Nf4 Nd6 41. Rd4 h4 42. Ra4 Rxa4 43. Bxa4 Nfe4 44. Bc2 Kg7 45. Kf1 Kf6 46. Ke2 Ke5 47. Nd3+ Kd4 48. Nb4 Nc5 49. Bb1 Kc4 50. Nxa6 Kxd5 1/2-1/2

[Event "Continental Op"]
[Site "?"]
[Date "1988.??.??"]
[Round "5"]
[White "Bonin, J."]
[Black "Gurevich, D."]
[Result "1-0"]
[WhiteElo "2415"]
[BlackElo "2545"]
[PlyCount "140"]
[EventDate "1988.??.??"]
[Source "www.chesslib.no"]
[SourceDate "2004.05.04"]

1. d4 Nf6 2. c4 e6 3. Nf3 c5 4. d5 exd5 5. cxd5 d6 6. Nc3 g6 7. e4 Bg7 8. Be2 O-O 9. O-O Bg4 10. Bf4 a6 11. a4 Bxf3 12. Bxf3 Qe7 13. a5 Nbd7 14. Na4 Ne5 15. Bxe5 Qxe5 16. Nb6 Rad8 17. Nc4 Qe7 18. Qc2 Nd7 19. Ra3 Bd4 20. Rb3 Rb8 21. Kh1 Rfe8 22. Bg4 Ne5 23. Nxe5 Qxe5 24. f3 Re7 25. Rb6 Rbe8 26. Qc4 f5 27. exf5 gxf5 28. Bh5 Rd8 29. f4 Qf6 30. Qc2 Rdd7 31. Rb3 Re3 32. Rxe3 Bxe3 33. Be2 Rf7 34. Bd3 Bd4 35. Re1 Bxb2 36. Bxf5 Qxf5 37. Re8+ Kg7 38. Qxb2+ Qf6 39. Qxf6+ Rxf6 40. g3 Rf5 41. Re7+ Kg8 42. Rxb7 Rxd5 43. Kg2 c4 44. Rc7 Rd2+ 45. Kf3 d5 46. h3 Rd3+ 47. Kg4 c3 48. f5 d4 49. Kf4 Kf8 50. Ke5 Rd2 51. Kf6 Re2 52. Rc4 Re1 53. g4 Ke8 54. Kg7 Ke7 55. f6+ Ke6 56. f7 Rf1 57. f8=Q Rxf8 58. Kxf8 Kd5 59. Rc8 Ke4 60. Kg7 Kd3 61. Kxh7 Kc2 62. g5 d3 63. g6 d2 64. Rd8 Kb1 65. g7 c2 66. g8=Q c1=Q 67. Qb3+ Ka1 68. Qa4+ Kb2 69. Rb8+ Kc3 70. Rb3+ Kc2 1-0

[Event "Sao Paulo"]
[Site "Sao Paulo"]
[Date "1973.??.??"]
[Round "13"]
[White "Ivkov, Borislav"]
[Black "Hug, Werner"]
[Result "1/2-1/2"]
[WhiteElo "2520"]
[BlackElo "2440"]
[PlyCount "75"]
[EventDate "1973.??.??"]
[Source "www.chesslib.no"]
[SourceDate "2004.05.04"]

1. d4 Nf6 2. c4 c5 3. d5 g6 4. Nc3 d6 5. e4 Bg7 6. Nf3 O-O 7. Be2 e6 8. O-O exd5 9. cxd5 a6 10. a4 Bg4 11. Nd2 Bxe2 12. Qxe2 Nbd7 13. Nc4 Nb6 14. Ne3 Re8 15. a5 Nbd7 16. Nc4 Ne5 17. Nb6 Rb8 18. f4 Ned7 19. Nc4 Qe7 20. e5 dxe5 21. fxe5 Nxe5 22. Qxe5 Qxe5 23. Nxe5 Rxe5 24. Bf4 Ng4 25. Ra4 Rd8 26. Bxe5 Nxe5 27. Rd1 f5 28. Ne2 Ng4 29. h3 Nf6 30. Nf4 Ne4 31. Ne6 Re8 32. Rc4 Bf8 33. g4 Bd6 34. Kg2 Kf7 35. Kf3 Kf6 36. Rc2 Rb8 37. Rd3 b5 38. b3 1/2-1/2

[Event "Rilton Cup Open 9394"]
[Site "Stockholm SWE"]
[Date "1993.??.??"]
[Round "6"]
[White "Ahlander, Bjorn"]
[Black "De Firmian, Nick E"]
[Result "0-1"]
[WhiteElo "2415"]
[BlackElo "2545"]
[PlyCount "74"]
[EventDate "1993.??.??"]
[Source "www.chesslib.no"]
[SourceDate "2004.05.04"]

1. d4 Nf6 2. c4 e6 3. Nf3 c5 4. d5 exd5 5. cxd5 d6 6. Nc3 g6 7. e4 a6 8. a4 Bg4 9. Be2 Bxf3 10. Bxf3 Bg7 11. O-O O-O 12. Bf4 Qe7 13. a5 Nbd7 14. Re1 Rfe8 15. h3 Ne5 16. Be2 Qc7 17. Bh2 c4 18. f4 Ned7 19. Bf1 b5 20. axb6 Qxb6+ 21. Kh1 Qxb2 22. Qf3 Ng4 23. Qxg4 Bxc3 24. Rab1 Qa2 25. Rec1 Nf6 26. Qe2 Qxe2 27. Bxe2 Nxe4 28. Bxc4 Rec8 29. Ba2 Bd4 30. Rc6 Nc3 31. Rb4 Bc5 32. Rb2 Rcb8 33. Rxb8+ Rxb8 34. Bg1 Nxa2 35. Bxc5 dxc5 36. d6 Rd8 37. Rxa6 Nb4 0-1

[Event "Ch Lithuania"]
[Site "Siauliai (Lithuania)"]
[Date "2007.05.09"]
[Round "7"]
[White "Butnorius Algimantas (LTU)"]
[Black "Kveinys Aloyzas (LTU)"]
[Result "1/2-1/2"]
[WhiteElo "2402"]
[BlackElo "2546"]
[PlyCount "140"]
[EventDate "2007.??.??"]
[Source "www.chesslib.no"]
[SourceDate "2004.05.04"]

1. d4 Nf6 2. Nf3 e6 3. c4 c5 4. d5 exd5 5. cxd5 d6 6. Nc3 g6 7. e4 a6 8. a4 Bg4 9. Be2 Bxf3 10. Bxf3 Nbd7 11. O-O Qe7 12. Bf4 Bg7 13. Re1 O-O 14. e5 Nxe5 15. Bxe5 dxe5 16. d6 Qe6 17. Bxb7 Rad8 18. Qe2 Rxd6 19. Rad1 Rb6 20. Bf3 Re8 21. a5 Rb4 22. Bd5 Nxd5 23. Nxd5 Rb7 24. Nb6 Ra7 25. Rd5 e4 26. Rxc5 Bd4 27. Rc4 e3 28. fxe3 Bxb6 29. axb6 Qxb6 30. Qd2 Rae7 31. Rd4 Re6 32. h3 Qb8 33. Rd7 Qb6 34. Rd4 a5 35. Kh1 Re5 36. Rd6 Qc5 37. Rd8 Rxd8 38. Qxd8+ Kg7 39. Rf1 Re7 40. Qd4+ Qxd4 41. exd4 Rb7 42. d5 Rd7 43. Rf4 Rxd5 44. b4 g5 45. Rc4 axb4 46. Rxb4 Rf5 47. Kg1 h5 48. Rb6 h4 49. Ra6 f6 50. Ra2 Kg6 51. Rb2 Rf4 52. Rb5 Rf5 53. Rb2 Re5 54. Rb3 Kf5 55. Rb6 Rd5 56. Ra6 Ke5 57. Ra4 f5 58. Rc4 Rd4 59. Rc2 Rd3 60. Kf2 Ke4 61. Ra2 Rd4 62. Re2+ Kf4 63. Ra2 g4 64. hxg4 fxg4 65. g3+ hxg3+ 66. Kg2 Rd3 67. Ra4+ Kg5 68. Ra8 Rd2+ 69. Kxg3 Rd3+ 70. Kg2 Rd2+ 1/2-1/2

[Event "It"]
[Site "Havana CUB"]
[Date "1984.??.??"]
[Round "?"]
[White "Hernandez, Roman O"]
[Black "Fedorowicz, John P"]
[Result "0-1"]
[WhiteElo "2460"]
[BlackElo "2485"]
[PlyCount "72"]
[EventDate "1984.??.??"]
[Source "www.chesslib.no"]
[SourceDate "2004.05.04"]

1. d4 Nf6 2. Nf3 e6 3. c4 c5 4. d5 exd5 5. cxd5 d6 6. Nc3 g6 7. e4 Bg7 8. Be2 O-O 9. O-O Bg4 10. Bf4 Bxf3 11. Bxf3 a6 12. a4 Qe7 13. a5 Nbd7 14. Ra4 Rfb8 15. Qc2 Ne8 16. Rb1 b5 17. axb6 Rxb6 18. Rba1 Nc7 19. Be2 Rab8 20. Bc1 Rb4 21. Bxa6 Nb6 22. Rxb4 cxb4 23. Ne2 Nxa6 24. Rxa6 Rc8 25. Qd1 Qb7 26. Ra2 Re8 27. Ng3 h5 28. f3 Qc7 29. Nf1 f5 30. exf5 Qc5+ 31. Kh1 b3 32. Ra1 Qc2 33. Bd2 Nc4 34. h4 Bxb2 35. Rb1 Bf6 36. fxg6 Na3 0-1

[Event "Ch Russia (club)"]
[Site "Honra POR"]
[Date "1996.??.??"]
[Round "7"]
[White "Ferreira, Nelson Castelo Bran"]
[Black "Milat, Marcel"]
[Result "1/2-1/2"]
[WhiteElo "2475"]
[BlackElo "2470"]
[PlyCount "71"]
[EventDate "1996.??.??"]
[Source "www.chesslib.no"]
[SourceDate "2004.05.04"]

1. d4 Nf6 2. c4 e6 3. Nf3 c5 4. d5 d6 5. Nc3 exd5 6. cxd5 g6 7. e4 a6 8. a4 Bg4 9. Be2 Bxf3 10. Bxf3 Nbd7 11. O-O Bg7 12. Bf4 Qe7 13. e5 dxe5 14. d6 Qe6 15. Bxb7 Ra7 16. Bc6 O-O 17. Be3 Rc8 18. Nd5 Bf8 19. Bxd7 Rxd7 20. Nxf6+ Qxf6 21. Qg4 Qf5 22. Qxf5 gxf5 23. Rac1 c4 24. Rfd1 f4 25. Bd2 Rxd6 26. Bc3 f6 27. Kf1 Kf7 28. Ke2 Ke6 29. g3 Rxd1 30. Rxd1 fxg3 31. hxg3 Rb8 32. Rh1 Rb7 33. g4 Bb4 34. Rh6 Bf8 35. Rh5 Bb4 36. Rh6 1/2-1/2

[Event "World Cup VII Final"]
[Site "Cork World Cup VII Final"]
[Date "1994.??.??"]
[Round "?"]
[White "Partikas, Valentinas A"]
[Black "Lepikhov, Aleksey"]
[Result "0-1"]
[WhiteElo "2430"]
[BlackElo "2515"]
[PlyCount "54"]
[EventDate "1994.??.??"]
[Source "www.chesslib.no"]
[SourceDate "2004.05.04"]

1. d4 Nf6 2. c4 c5 3. d5 e6 4. Nc3 exd5 5. cxd5 d6 6. Nf3 g6 7. e4 Bg7 8. Be2 O-O 9. O-O a6 10. a4 Bg4 11. h3 Bxf3 12. Bxf3 Nbd7 13. Bf4 Qc7 14. Re1 Rfe8 15. Bh2 c4 16. Qb1 Nc5 17. Bd1 Nd3 18. Re2 Nd7 19. Bc2 N7c5 20. Ra3 f5 21. Bxd3 cxd3 22. Re3 Bd4 23. Re1 Nxe4 24. Nxe4 fxe4 25. Bg3 Rac8 26. b4 d2 27. Rf1 Qc1 0-1

[Event "16th Maccabia GM, Tel Aviv ISR"]
[Site "?"]
[Date "2001.??.??"]
[Round "8"]
[White "Mikhalevski, A."]
[Black "Roiz, M."]
[Result "1/2-1/2"]
[WhiteElo "2435"]
[BlackElo "2510"]
[PlyCount "140"]
[EventDate "2001.??.??"]
[Source "www.chesslib.no"]
[SourceDate "2004.05.04"]

1. d4 e6 2. c4 Nf6 3. Nf3 c5 4. d5 exd5 5. cxd5 d6 6. Nc3 g6 7. e4 Bg7 8. Bf4 a6 9. a4 Bg4 10. Be2 Bxf3 11. Bxf3 O-O 12. O-O Qe7 13. Qc2 Nbd7 14. b3 Rfe8 15. a5 Rab8 16. Ra4 h6 17. h3 Nh7 18. Nb1 Ng5 19. Nd2 Nf6 20. Bd1 Nfxe4 21. Re1 Bd4 22. Rxd4 cxd4 23. Bxg5 Qxg5 24. Rxe4 Qxd5 25. b4 Qb5 26. Qb3 Rbc8 27. Be2 Qc6 28. Rxe8+ Rxe8 29. Bc4 Re7 30. Kh2 Rd7 31. Bd5 Qc3 32. Ne4 Qxb3 33. Bxb3 Kg7 34. Bd5 Rc7 35. Kg3 f5 36. Nd2 Rc3+ 37. f3 Rc2 38. Nf1 Rb2 39. Bxb7 Rxb4 40. Bxa6 Ra4 41. Nd2 Rxa5 42. Bc4 Kf6 43. f4 g5 44. fxg5+ hxg5 45. Kf2 d5 46. Bb3 Ke5 47. Bc2 g4 48. hxg4 fxg4 49. Ke2 Ra3 50. Bb3 Ra1 51. Bc2 Rc1 52. Bd3 Ra1 53. g3 Rh1 54. Nf1 Rh5 55. Kf2 Rh8 56. Ke2 Ra8 57. Nd2 Ra3 58. Nf1 Ke6 59. Nd2 Kd6 60. Nb1 Rb3 61. Nd2 Rc3 62. Bf5 Rxg3 63. Kf2 Ke5 64. Kxg3 Kxf5 65. Nf1 d3 66. Nd2 Kg5 67. Nf1 Kf5 68. Nd2 Ke5 69. Kxg4 Kd4 70. Kf4 Kc3 1/2-1/2

[Event "It (open)"]
[Site "Taby (Sweden)"]
[Date "2007.08.08"]
[Round "7"]
[White "Lindberg Bosse (SWE)"]
[Black "Berg Emanuel (SWE)"]
[Result "0-1"]
[WhiteElo "2361"]
[BlackElo "2581"]
[PlyCount "92"]
[EventDate "2007.??.??"]
[Source "www.chesslib.no"]
[SourceDate "2004.05.04"]

1. d4 Nf6 2. c4 c5 3. d5 e6 4. Nc3 exd5 5. cxd5 d6 6. Nf3 g6 7. Bf4 Bg7 8. e4 O-O 9. Be2 a6 10. a4 Bg4 11. O-O Re8 12. Nd2 Bxe2 13. Qxe2 Nh5 14. Be3 Nd7 15. a5 Qh4 16. Ra4 Ne5 17. Nf3 Nxf3+ 18. Qxf3 Bxc3 19. bxc3 f5 20. g3 fxe4 21. Qd1 Qh3 22. Qb1 Nf6 23. f3 exf3 24. Rxf3 Ng4 25. Rxg4 Qxg4 26. Qd1 Qh5 27. Bf4 Rf8 28. Rf1 Qxd1 29. Rxd1 Rad8 30. Rb1 Rf5 31. h4 Rxd5 32. Rxb7 c4 33. Be3 Rd3 34. Bd4 Rxd4 35. cxd4 Rc8 36. Rb2 Kf7 37. Kf2 Ke6 38. Ke2 c3 39. Rc2 Kd5 40. Kd3 Rc4 41. Rxc3 Rxc3+ 42. Kxc3 Ke4 43. g4 d5 44. h5 g5 45. h6 Ke3 46. Kc2 Kf4 0-1

[Event "Jugoslavija"]
[Site "?"]
[Date "1976.??.??"]
[Round "?"]
[White "Ivkov, Borislav"]
[Black "Rajkovic, Dusan"]
[Result "0-1"]
[WhiteElo "2520"]
[BlackElo "2420"]
[PlyCount "74"]
[EventDate "1976.??.??"]
[Source "www.chesslib.no"]
[SourceDate "2004.05.04"]

1. d4 Nf6 2. c4 c5 3. d5 e6 4. Nc3 exd5 5. cxd5 d6 6. Nf3 g6 7. e4 Bg7 8. Be2 O-O 9. O-O a6 10. a4 Bg4 11. Nd2 Bxe2 12. Qxe2 Nbd7 13. Nc4 Nb6 14. Ne3 Qe7 15. a5 Nbd7 16. Nc4 Ne5 17. Nb6 Rae8 18. Bg5 h6 19. Bd2 Nfd7 20. Nba4 f5 21. Ra3 fxe4 22. Nxe4 Nc4 23. Qxc4 Qxe4 24. Qxe4 Rxe4 25. Bc3 Rf5 26. h3 Bxc3 27. Nxc3 Rb4 28. b3 Kf7 29. Rd1 Re5 30. Kf1 Nf6 31. g3 g5 32. Na2 Rbe4 33. Nc3 Rd4 34. Raa1 h5 35. Rxd4 cxd4 36. Ne2 Rxd5 37. b4 Ne4 0-1

[Event "Elekes Memorial"]
[Site "Budapest HUN"]
[Date "1990.??.??"]
[Round "12"]
[White "Roeder, Mathias"]
[Black "Tolnai, Tibor"]
[Result "1-0"]
[WhiteElo "2450"]
[BlackElo "2490"]
[PlyCount "81"]
[EventDate "1990.05.??"]
[Source "www.chesslib.no"]
[SourceDate "2004.05.04"]

1. d4 Nf6 2. c4 e6 3. Nf3 c5 4. d5 exd5 5. cxd5 d6 6. Nc3 g6 7. Bf4 a6 8. a4 Bg7 9. e4 O-O 10. Be2 Bg4 11. O-O Qe7 12. Nd2 Bxe2 13. Qxe2 Nbd7 14. Nc4 Ne8 15. Rfe1 Rb8 16. a5 Ne5 17. Bxe5 Bxe5 18. g3 Bd4 19. Kg2 h5 20. f4 Nf6 21. Qf3 Nd7 22. Re2 Rfe8 23. Rae1 b5 24. axb6 Nxb6 25. Na5 Qd7 26. Nc6 Rb7 27. Qd3 Bg7 28. e5 dxe5 29. fxe5 c4 30. Qe4 Rc7 31. e6 fxe6 32. Qxg6 Nxd5 33. Rxe6 Rf8 34. Ne5 Nf4+ 35. gxf4 Qd2+ 36. Re2 Qxf4 37. Re8 Qf1+ 38. Kg3 Qf4+ 39. Kh3 Qf1+ 40. Rg2 h4 41. Nd5 1-0

[Event "62. ch-POL"]
[Site "?"]
[Date "2005.05.02"]
[Round "11"]
[White "Grabarczyk Miroslaw"]
[Black "Moranda Wojciech"]
[Result "1/2-1/2"]
[WhiteElo "2487"]
[BlackElo "2452"]
[PlyCount "57"]
[EventDate "2005.??.??"]
[Source "www.chesslib.no"]
[SourceDate "2004.05.04"]

1. d4 Nf6 2. c4 c5 3. d5 e6 4. Nc3 exd5 5. cxd5 d6 6. e4 g6 7. Nf3 a6 8. a4 Bg4 9. Be2 Bxf3 10. Bxf3 Nbd7 11. O-O Bg7 12. a5 O-O 13. Re1 Rb8 14. Be2 Ne8 15. Bf4 Qe7 16. Qc2 Nc7 17. Bg4 Ne5 18. Be2 b5 19. axb6 Rxb6 20. Ra2 Rfb8 21. Rea1 Nd7 22. Bc1 Rb4 23. Bxa6 c4 24. Qe2 Ne5 25. Nd1 Nxa6 26. Rxa6 Nd3 27. Ra8 f5 28. f3 Kf7 29. Rxb8 1/2-1/2

[Event "otb"]
[Site "otb"]
[Date "2007.05.06"]
[Round "10"]
[White "Pert Nicholas"]
[Black "Palliser Richard"]
[Result "1/2-1/2"]
[WhiteElo "2525"]
[BlackElo "2414"]
[PlyCount "43"]
[Source "www.chesslib.no"]
[SourceDate "2004.05.04"]

1. d4 Nf6 2. Nf3 e6 3. c4 c5 4. d5 d6 5. Nc3 exd5 6. cxd5 g6 7. Bf4 a6 8. a4 Bg7 9. e4 Bg4 10. Be2 Bxf3 11. Bxf3 O-O 12. O-O Ne8 13. Qd2 Nd7 14. Rfe1 Rb8 15. a5 b5 16. axb6 Qxb6 17. Ra2 Ne5 18. Be2 Nc7 19. Bh6 Bxh6 20. Qxh6 Nb5 21. Nxb5 axb5 22. Ra3 1/2-1/2

[Event "Voronezh RUS"]
[Site "?"]
[Date "2006.06.18"]
[Round "6"]
[White "Zakhartsov Viacheslav V"]
[Black "Kiselev Vitaliy"]
[Result "1/2-1/2"]
[WhiteElo "2547"]
[BlackElo "2389"]
[PlyCount "125"]
[EventDate "2006.??.??"]
[Source "www.chesslib.no"]
[SourceDate "2004.05.04"]

1. d4 Nf6 2. c4 c5 3. d5 d6 4. Nc3 g6 5. e4 Bg7 6. Be2 O-O 7. Nf3 e6 8. O-O exd5 9. cxd5 a6 10. a4 Bg4 11. Re1 Re8 12. h3 Bxf3 13. Bxf3 Nbd7 14. Be3 Qa5 15. Qc2 c4 16. Be2 Rac8 17. f3 Ne5 18. f4 Ned7 19. Bf2 Nc5 20. Bf1 Nh5 21. g3 Qb4 22. Bxc5 Rxc5 23. Kg2 Nf6 24. Be2 h5 25. g4 hxg4 26. hxg4 Nd7 27. g5 Rc7 28. f5 Re5 29. Bg4 Nc5 30. Kh3 Nd3 31. Rf1 Qxb2 32. Qxb2 Nxb2 33. f6 Rxg5 34. fxg7 Kxg7 35. Rab1 Nd3 36. Rb6 Ne5 37. Be2 Rd7 38. Rf2 Rg1 39. Rf1 Rg5 40. Rf2 Rd8 41. Rf4 Rg1 42. Rb1 Rxb1 43. Nxb1 b5 44. Na3 bxa4 45. Nxc4 Nxc4 46. Bxc4 Rc8 47. Bxa6 Rc3+ 48. Kg2 Rc2+ 49. Rf2 Rxf2+ 50. Kxf2 a3 51. Bc4 Kf6 52. Kf3 Ke5 53. Ke3 g5 54. Bb3 g4 55. Ba2 f6 56. Bb1 g3 57. Kf3 g2 58. Kxg2 Kd4 59. Kf3 Kc3 60. Ba2 Kb2 61. Bc4 Kc3 62. Ba2 Kb2 63. Bc4 1/2-1/2

[Event "Barcelona"]
[Site "Barcelona"]
[Date "1993.??.??"]
[Round "7"]
[White "Spraggett, Kevin"]
[Black "Vehi Bach, Victor Manuel"]
[Result "0-1"]
[WhiteElo "2555"]
[BlackElo "2380"]
[PlyCount "76"]
[EventDate "1993.??.??"]
[Source "www.chesslib.no"]
[SourceDate "2004.05.04"]

1. d4 Nf6 2. c4 e6 3. Nf3 c5 4. d5 d6 5. Nc3 exd5 6. cxd5 g6 7. e4 a6 8. a4 Bg4 9. Be2 Bxf3 10. Bxf3 Nbd7 11. O-O Bg7 12. Be2 O-O 13. Kh1 Re8 14. Qc2 Rc8 15. f3 c4 16. Bg5 h6 17. Be3 Qc7 18. Rfc1 Ne5 19. a5 Qe7 20. Qd2 Nfd7 21. Na4 g5 22. Nb6 Nxb6 23. Bxb6 Nd3 24. Bxd3 cxd3 25. Qxd3 Bxb2 26. Rxc8 Rxc8 27. Rb1 Qf6 28. Qd2 Be5 29. h3 Rc4 30. Bg1 Qe7 31. Bb6 Qd7 32. Be3 Qc7 33. Bb6 Qc8 34. Qe3 Rc3 35. Qe2 Bf4 36. Qd1 Qc4 37. Bg1 Rc2 38. Qd4 Qe2 0-1

[Event "Reykjavik ISL"]
[Site "Reykjavik ISL"]
[Date "1984.??.??"]
[Round "?"]
[White "Hjartarson, Johann"]
[Black "Lobron, Eric"]
[Result "1-0"]
[WhiteElo "2415"]
[BlackElo "2520"]
[PlyCount "76"]
[EventDate "1984.??.??"]
[Source "www.chesslib.no"]
[SourceDate "2004.05.04"]

1. d4 Nf6 2. c4 e6 3. Nf3 c5 4. d5 exd5 5. cxd5 d6 6. Nc3 g6 7. Bf4 a6 8. a4 Bg7 9. e4 O-O 10. Be2 Bg4 11. O-O Bxf3 12. Bxf3 Ne8 13. Be2 Nd7 14. Bg3 f5 15. exf5 gxf5 16. Bf4 Ne5 17. a5 Ng6 18. Bc1 Bd4 19. Bd3 Ng7 20. Ne2 Be5 21. Ra4 Qd7 22. b3 Rae8 23. Bh6 Rf7 24. Qc1 Kh8 25. Bb5 Rff8 26. Kh1 Qd8 27. Rd1 Ba1 28. Bc4 Ne7 29. Qg5 Qd7 30. Rf1 Bb2 31. Qh4 Be5 32. Ng1 b6 33. Rd1 bxa5 34. Be2 Bd4 35. f3 Qc7 36. Qh3 Rf7 37. Rb1 Bxg1 38. g4 Rc8 1-0

[Event "zt 3.2a"]
[Site "Ho Chi Minh City"]
[Date "2003.06.23"]
[Round "3"]
[White "Sitanggang, Salor"]
[Black "Nguyen Anh Dung"]
[Result "1/2-1/2"]
[WhiteElo "2397"]
[BlackElo "2530"]
[PlyCount "54"]
[EventDate "2003.06.21"]
[Source "Roberto Alvarez"]
[SourceDate "2003.07.07"]

1. d4 Nf6 2. Nf3 c5 3. d5 g6 4. c4 Bg7 5. Nc3 O-O 6. e4 d6 7. Be2 e6 8. O-O exd5 9. cxd5 a6 10. a4 Bg4 11. h3 Bxf3 12. Bxf3 Nbd7 13. Bf4 Qe7 14. a5 Ne8 15. Bg4 Ne5 16. Be2 Nc7 17. Bg3 Nd7 18. Bd3 Rfb8 19. f4 Bd4+ 20. Kh2 b5 21. axb6 Rxb6 22. Ra2 Rab8 23. Qc2 Qf8 24. Be1 Nb5 25. Ne2 Bf6 26. Ba5 R6b7 27. Bd2 Nc7 1/2-1/2

[Event "zt 3.2a"]
[Site "Ho Chi Minh City"]
[Date "2003.06.24"]
[Round "5"]
[White "Irwanto, Sadikin"]
[Black "Antonio, Rogelio Jr"]
[Result "1/2-1/2"]
[WhiteElo "2405"]
[BlackElo "2521"]
[PlyCount "66"]
[EventDate "2003.06.21"]
[Source "Roberto Alvarez"]
[SourceDate "2003.07.07"]

1. d4 Nf6 2. Nf3 e6 3. c4 c5 4. d5 exd5 5. cxd5 d6 6. Nc3 g6 7. e4 a6 8. a4 Bg4 9. Be2 Bxf3 10. Bxf3 Bg7 11. O-O O-O 12. Bf4 Qe7 13. Re1 Nbd7 14. h3 Rfe8 15. a5 h5 16. Bg5 Qf8 17. Ra4 Bh6 18. Qd2 Bxg5 19. Qxg5 Re5 20. Qd2 Rae8 21. Bd1 g5 22. Rf1 Qg7 23. Bc2 g4 24. f4 gxf3 25. Rxf3 Rg5 26. Qf2 Kh8 27. Nd1 Nh7 28. Ne3 Ne5 29. Rf5 Rg8 30. Ra3 Qh6 31. Rxg5 Qxg5 32. Rb3 Nf8 33. Nf5 Nfg6 1/2-1/2

[Event "Int open, Toronto CAN"]
[Site "Toronto"]
[Date "1997.??.??"]
[Round "1"]
[White "Vranesic, Z."]
[Black "Psakhis, L."]
[Result "0-1"]
[WhiteElo "2315"]
[BlackElo "2610"]
[PlyCount "100"]
[EventDate "1997.??.??"]
[Source "www.chesslib.no"]
[SourceDate "2004.05.04"]

1. d4 Nf6 2. c4 e6 3. Nf3 c5 4. d5 exd5 5. cxd5 d6 6. Nc3 g6 7. e4 a6 8. a4 Bg4 9. Be2 Bxf3 10. Bxf3 Nbd7 11. O-O Bg7 12. Bg5 O-O 13. Qd2 Re8 14. Rfe1 c4 15. Be2 Rc8 16. Bf1 Qa5 17. Bf4 Ne5 18. h3 Nfd7 19. Ra3 Nc5 20. Bxe5 Bxe5 21. Bxc4 Bxc3 22. Qxc3 Qxc3 23. Rxc3 Nxa4 24. Rc2 b5 25. Bd3 Rxc2 26. Bxc2 Nxb2 27. Rb1 Nc4 28. Ra1 Ra8 29. Bd3 Nb6 30. f4 Na4 31. Kf2 Nc5 32. Bxb5 Nxe4+ 33. Kf3 Nc5 34. Ra2 Kf8 35. Kg4 a5 36. Bc6 Ra7 37. h4 a4 38. Ra3 Re7 39. h5 Re4 40. g3 Kg7 41. hxg6 hxg6 42. Ra2 Kf6 43. Ra1 g5 44. Ra3 Kg6 45. Ra2 f5+ 46. Kf3 g4+ 47. Kg2 Kf6 48. Bb5 Re3 49. Bxa4 Ne4 50. Bc6 Rxg3+ 0-1

[Event "otb"]
[Site "otb"]
[Date "2007.01.17"]
[Round "3"]
[White "Iskusnyh Sergei"]
[Black "Andreev Eduard"]
[Result "0-1"]
[WhiteElo "2482"]
[BlackElo "2442"]
[PlyCount "70"]
[Source "www.chesslib.no"]
[SourceDate "2004.05.04"]

1. d4 Nf6 2. c4 e6 3. Nf3 c5 4. d5 exd5 5. cxd5 d6 6. Nc3 g6 7. e4 a6 8. a4 Bg4 9. Be2 Bxf3 10. Bxf3 Nbd7 11. O-O Bg7 12. Bf4 Qe7 13. Re1 O-O 14. Qd2 Rfe8 15. h3 Rac8 16. Be2 c4 17. a5 Nc5 18. Bxc4 Ncxe4 19. Nxe4 Nxe4 20. Qd3 f5 21. Re2 Qh4 22. Be3 f4 23. Bb6 f3 24. Qxf3 Rxc4 25. Rae1 Re5 26. Qb3 Ng5 27. Be3 h6 28. Bxg5 hxg5 29. Rxe5 Bxe5 30. Qxb7 Rc2 31. Rf1 Qf4 32. g3 Qf3 33. Qb8+ Kg7 34. Qb7+ Kh6 35. Qa8 Bd4 0-1

[Event "Massy op2"]
[Site "Massy"]
[Date "1993.??.??"]
[Round "4"]
[White "Ikonnikov, Vyacheslav"]
[Black "Kovacevic, Slobodan"]
[Result "0-1"]
[WhiteElo "2485"]
[BlackElo "2435"]
[PlyCount "62"]
[EventDate "1993.??.??"]
[Source "www.chesslib.no"]
[SourceDate "2004.05.04"]

1. d4 Nf6 2. Nf3 e6 3. c4 c5 4. d5 exd5 5. cxd5 d6 6. Nc3 g6 7. e4 a6 8. a4 Bg4 9. Be2 Bxf3 10. Bxf3 Bg7 11. O-O O-O 12. Bf4 Qe7 13. a5 Nbd7 14. Re1 Rab8 15. Na4 Ne8 16. Rb1 Qd8 17. Bd2 Bd4 18. b4 Ne5 19. Be3 Bxe3 20. Rxe3 cxb4 21. Nb6 Nf6 22. Be2 Ned7 23. Rxb4 Nxb6 24. axb6 Re8 25. Qd4 Rc8 26. Rb1 Rc5 27. h3 Qe7 28. e5 dxe5 29. d6 exd4 30. Rxe7 Rxe7 31. dxe7 Re5 0-1

[Event "zt 3.2a"]
[Site "Ho Chi Minh City"]
[Date "2003.06.22"]
[Round "2"]
[White "Sitanggang, Salor"]
[Black "Antonio, Rogelio Jr"]
[Result "1/2-1/2"]
[WhiteElo "2397"]
[BlackElo "2521"]
[PlyCount "36"]
[EventDate "2003.06.21"]
[Source "Roberto Alvarez"]
[SourceDate "2003.07.07"]

1. d4 Nf6 2. Nf3 e6 3. c4 c5 4. d5 exd5 5. cxd5 d6 6. Nc3 g6 7. e4 a6 8. a4 Bg4 9. Be2 Bxf3 10. Bxf3 Nbd7 11. O-O Bg7 12. Bf4 Qe7 13. h3 O-O 14. Qc2 Rfe8 15. a5 Rab8 16. Ra4 Ne5 17. Be2 Nfd7 18. Bc1 Nf8 1/2-1/2